Textbook of Oral Medicine (Record no. 22809)

MARC details
000 -LEADER
fixed length control field 00392nam a22001697a 4500
003 - CONTROL NUMBER IDENTIFIER
control field SGT
020 ## - INTERNATIONAL STANDARD BOOK NUMBER
International Standard Book Number 978938918883
082 ## - DEWEY DECIMAL CLASSIFICATION NUMBER
Classification number 617.63
Item number O20G
100 ## - MAIN ENTRY--PERSONAL NAME
Personal name Ghom, Anil Govinrao
245 ## - TITLE STATEMENT
Title Textbook of Oral Medicine
250 ## - EDITION STATEMENT
Edition statement 4th
260 ## - PUBLICATION, DISTRIBUTION, ETC. (IMPRINT)
Place of publication, distribution, etc New Delhi, India
Name of publisher, distributor, etc Jaypee Brothers
Year of Publication 2020
300 ## - PAGE DESCRIPTION
No. of Pages 1023
650 ## - SUBJECT ADDED ENTRY--TOPICAL TERM
Topical term or geographic name as entry element Oral Medicine
653 ## - KEYWORDS--INDEX TERM
Keyword term Oral Medicine
942 ## - ADDED ENTRY ELEMENTS (KOHA)
Source of classification or shelving scheme Dewey Decimal Classification
Koha item type Books
942 ## - ADDED ENTRY ELEMENTS (KOHA)
-- 21
Holdings
Withdrawn status Lost status Source of classification or shelving scheme Damaged status Not for loan Home library Current library Date acquired Vendor Name Cost, normal purchase price SGTU Bill Number Total Checkouts Full call number Accession No. (Barcode) Date last seen Date last borrowed Bill Date Koha item type
    Dewey Decimal Classification     SGT Dental Library SGT Dental Library 10/06/2022 Ahuja Book Co. Pvt. Ltd. 2095.00 SGTU 14353 26 617.63 O20G FD8861 24/07/2025 21/07/2025 16/04/2022 Books